000 00742nam a2200229 a 4500
008
020 _a0751758582 (pbk. )
049 _aMAIN
090 _aHD31 INS
245 0 0 _aAdministration of corporate affairs
_bprofessional paper 14 /
_cInstitute of Chartered Secretaries and Administrators.
250 _a7th ed.
260 _aLondon :
_bBPP Publishing,
_c2001.
300 _axx, 132 p. ;
_c30 cm.
440 _aICSA practice and revision kit
650 0 _aOrganizational management.
710 2 _aInstitute of Chartered Secretaries and Administrators.
907 _a.b10242302
_b11-05-07
_c03-05-07
003
005 20230123134438.0
040 _cNUST
942 _cBOOKS
_kHD31 INS
999 _c166044
_d166044